Textbook of Pharmacognosy and Phytochemistry / (Record no. 17989)
[ view plain ]
| 000 -LEADER | |
|---|---|
| fixed length control field | 00503nam a22001817a 4500 |
| 008 - FIXED-LENGTH DATA ELEMENTS--GENERAL INFORMATION | |
| fixed length control field | 191018b xxu||||| |||| 00| 0 eng d |
| 020 ## - INTERNATIONAL STANDARD BOOK NUMBER | |
| International Standard Book Number | 9386217738 |
| 050 ## - LIBRARY OF CONGRESS CALL NUMBER | |
| Classification number | RS165 |
| Item number | .S43 2014 c.1 |
| 100 ## - MAIN ENTRY--PERSONAL NAME | |
| Personal name | Shah, Biren |
| 245 ## - TITLE STATEMENT | |
| Title | Textbook of Pharmacognosy and Phytochemistry / |
| Statement of responsibility, etc. | Biren Shah & A. K. Seth |
| 250 ## - EDITION STATEMENT | |
| Edition statement | 2nd ed. |
| 260 ## - PUBLICATION, DISTRIBUTION, ETC. (IMPRINT) | |
| Place of publication, distribution, etc. | New Dheli: |
| Name of publisher, distributor, etc. | CBS Publishers, |
| Date of publication, distribution, etc. | 2014 |
| 300 ## - PHYSICAL DESCRIPTION | |
| Extent | xxii, 614p. |
| 650 ## - SUBJECT ADDED ENTRY--TOPICAL TERM | |
| Topical term or geographic name as entry element | Pharmacognosy |
| 650 ## - SUBJECT ADDED ENTRY--TOPICAL TERM | |
| Topical term or geographic name as entry element | Phytochemistry |
| 700 ## - ADDED ENTRY--PERSONAL NAME | |
| Personal name | Seth, A. K. |
| 942 ## - ADDED ENTRY ELEMENTS (KOHA) | |
| Source of classification or shelving scheme | Library of Congress Classification |
| Koha item type | General Collection |
| Withdrawn status | Lost status | Source of classification or shelving scheme | Not for loan | Home library | Current library | Date acquired | Cost, normal purchase price | Total Checkouts | Full call number | Barcode | Date last seen | Date last checked out | Copy number | Price effective from | Koha item type | Total Renewals | Inventory number |
|---|---|---|---|---|---|---|---|---|---|---|---|---|---|---|---|---|---|
| Library of Congress Classification | Kabarak, Main Campus | Kabarak, Main Campus | 18/10/2019 | 5450.00 | 5 | RS165 .S43 2014 C.1 | 023982 | 05/08/2025 | 21/07/2025 | C.1 | 18/10/2019 | General Collection | |||||
| Library of Congress Classification | Kabarak, Main Campus | Kabarak, Main Campus | 18/10/2019 | 5252.00 | 7 | RS165 .S43 2014 C.2 | 030673 | 22/08/2024 | 02/08/2024 | C.2 | 18/10/2019 | General Collection | |||||
| Library of Congress Classification | Kabarak, Main Campus | Kabarak, Main Campus | 18/10/2019 | 5252.00 | 3 | RS165 .S43 2014 C.3 | 030674 | 08/08/2025 | 06/08/2025 | C.3 | 18/10/2019 | General Collection | 1 | ||||
| Library of Congress Classification | Kabarak, Main Campus | Kabarak, Main Campus | 18/10/2019 | 5252.00 | RS165 .S43 2014 C.4 | 030675 | 25/05/2022 | C.4 | 18/10/2019 | General Collection | |||||||
| Library of Congress Classification | Kabarak, Main Campus | Kabarak, Main Campus | 18/10/2019 | 5252.00 | 6 | RS165 .S43 2014 C.5 | 030676 | 10/07/2025 | 25/06/2025 | C.5 | 18/10/2019 | General Collection | 1 | ||||
| Library of Congress Classification | Kabarak, Main Campus | Kabarak, Main Campus | 13/06/2025 | 5293.00 | RS165 .S43 2014 C.6 | 33171 | 13/06/2025 | C.6 | 13/06/2025 | General Collection | 2025/2128 | ||||||
| Library of Congress Classification | Kabarak, Main Campus | Kabarak, Main Campus | 13/06/2025 | 5293.00 | 1 | RS165 .S43 2014 C.7 | 33170 | 11/12/2025 | 27/11/2025 | C.7 | 13/06/2025 | General Collection | 2025/2127 |